[Event "Ciocaltea Memorial"]
[Site "Bucharest"]
[Date "1999.03.04"]
[Round "1"]
[White "Iordachescu, Viorel"]
[Black "Florean, Andrei"]
[Result "1-0"]
[WhiteElo "2539"]
[BlackElo "2459"]
[Annotator "Atlas,V"]
[PlyCount "95"]
[EventDate "1999.03.04"]
[EventType "tourn"]
[EventRounds "13"]
[EventCountry "ROU"]
[EventCategory "10"]
[SourceTitle "CBM 070"]
[Source "ChessBase"]
[SourceDate "1999.06.08"]
[SourceVersion "1"]
[SourceVersionDate "1999.06.08"]
[SourceQuality "1"]

1. e4 c5 2. Nf3 d6 3. d4 cxd4 4. Nxd4 Nf6 5. Nc3 a6 6. Be3 Ng4 7. Bg5 h6 8. Bh4
g5 9. Bg3 Bg7 10. Be2 h5 11. Bxg4 Bxg4 12. f3 Bd7 13. Bf2 Nc6 14. Nde2 $5 {
[%mdl 4]} ({An important alternative to the standard continuations 14.Qd2 and
14.0-0, e.g.:} 14. Qd2 Qa5 15. Rd1 Rc8 16. O-O Nxd4 17. Bxd4 Bxd4+ 18. Qxd4 Qc5
19. Rf2 Qxd4 20. Rxd4 Be6 21. Nd5 f6 22. Rfd2 b5 23. a4 h4 24. c3 Kf7 25. axb5
axb5 26. Rb4 Rc5 27. Ne3 Ra8 28. Kf2 Ra1 29. Rd1 Ra2 30. Ke1 Ke8 31. g3 hxg3
32. hxg3 Kd7 {1/2-1/2 Almasi,Z-Topalov,V/Elista 1998/CBM 66 ext (32)}) (14. O-O
Ne5 15. Nde2 Rc8 16. Nd5 Be6 17. Bd4 Bxd5 18. exd5 Qa5 19. f4 gxf4 20. Nxf4 Qa4
21. c3 Qxd1 22. Raxd1 Rh7 23. Bxe5 Bxe5 24. Nd3 {0-1 Lanka,Z-Ftacnik,L/Pula
1997/CBM 57 ext (69)}) 14... b5 15. a4 b4 16. Nd5 Rb8 (16... Bxb2 {is bad in
view of} 17. Bb6) 17. Nd4 e6 18. Nxc6 Bxc6 19. Bd4 {An important intermediate
move.} Be5 ({After} 19... Bxd4 20. Qxd4 e5 21. Qd3 {White has a large
advantage.}) 20. Ne3 O-O (20... Qf6 {was bad in view of} 21. Bxe5 Qxe5 22. Nc4)
(20... Qc7 {and 20...Qe7 are strongly met by} 21. Nc4) 21. Bxe5 $1 {A correct
decision. White transform the game into the ending with the slight but durable
advantage.} (21. Nc4 Bxd4 22. Qxd4 d5 23. Ne5 Ba8 {is OK for Black.}) 21...
dxe5 22. Qxd8 Rfxd8 23. b3 {[%mdl 4096] Black was threatening ...b4-b3.} Rd4 $6
({This natural move is not the best one. Instead,} 23... Kg7 {/\Kg6, f7-f5
waws to be preferred.}) 24. Rd1 Kg7 25. Ke2 Kg6 26. Nc4 f6 27. Rd2 {[%cal
Gh1d1,Gd1d4]} g4 (27... h4 {threatening 28...h3 28.g3 g4 deserved serious
attention.} {Still, after} 28. h3 {White retains a slight advantage.}) 28. h4
$1 {Black was threatening ...h5-h4-h3} gxh3 29. Rxh3 Rbd8 30. Rh1 Kg5 {
Threatening 31...f5.} 31. Rd3 (31. Ke3 $2 {is strogly met by} f5 {, with a
good play for Black.}) 31... Be8 {Now the threat is ...Kf4.} 32. Ke3 Bg6 (32...
h4 33. Rhd1) 33. g3 (33. Rhd1 Kh4 34. Rxd4 exd4+ 35. Rxd4 Rxd4 36. Kxd4 Kg3 {
and Black has a good play.}) 33... Rxd3+ 34. cxd3 Rc8 35. a5 Rc5 36. f4+ exf4+
37. gxf4+ Kh6 38. Rh2 (38. d4 {was a good option here.}) 38... e5 39. d4 exd4+
40. Kxd4 Rc7 41. Nd6 {[%csl Rf6,Rh5][%cal Gf4f5,Gd6e8,Ge8f6] Black is
defenseless against the threat 42.f5.} Rc3 42. f5 Bh7 43. Ne8 Bg8 (43... Rxb3
44. Nxf6 {is hopeless for Black.}) 44. Nxf6 Bxb3 (44... Bf7 45. e5 $18) 45.
Rxh5+ Kg7 46. e5 {Threatening 47.Rh7+ Kf8 48.e6 followed by 49.Rf7# or 49.e7#.}
Rc4+ 47. Ke3 Rc3+ 48. Kf4 ({Black resigned. After} 48. Kf4 Rc4+ 49. Kg5 {
[%csl Rf7][%cal Gh5h7,Ge5e6] mate is inevitable.}) 1-0

[Event "Manhattan March Int"]
[Site "New York"]
[Date "1999.03.05"]
[Round "1"]
[White "Waitzkin, Joshua"]
[Black "Ady, Jonathan James"]
[Result "1-0"]
[WhiteElo "2467"]
[BlackElo "2412"]
[Annotator "Atlas,V"]
[PlyCount "55"]
[EventDate "1999.03.05"]
[EventType "tourn"]
[EventRounds "9"]
[EventCountry "USA"]
[EventCategory "10"]
[SourceTitle "CBM 070"]
[Source "ChessBase"]
[SourceDate "1999.06.08"]
[SourceVersion "1"]
[SourceVersionDate "1999.06.08"]
[SourceQuality "1"]

{[%mdl 4]} 1. e4 c5 2. Nf3 d6 3. d4 cxd4 4. Nxd4 Nf6 5. Nc3 a6 6. Rg1 g6 7. g4
Bg7 8. g5 $5 ({An important alternative to the standard continuations:} 8. Be2
Nc6 9. Nb3 O-O 10. f4 b5 11. a3 Bb7 12. g5 Nd7 13. Be3 Rc8 14. Bg4 Rb8 15. Rg3
Nb6 16. Bxb6 Qxb6 17. Nd5 {0-1 Petronic,J-Ilincic,Z/Banja Vrucica 1991/EXT 97 
(59)}) (8. Be3 b5 9. f3 Bb7 10. Qd2 Nc6 11. O-O-O O-O 12. h4 Nxd4 13. Bxd4 b4
14. Ne2 a5 15. Ng3 Ba6 16. Bxa6 Rxa6 {0-1 Ivanchuk,V-Gelfand,B/Cap d'Agde 1998/
EXT 99 (35)}) 8... Nh5 9. Be3 O-O (9... Nc6 {is strongly met by} 10. Qd2 Nxd4
11. Bxd4 Bxd4 12. Qxd4 e5 13. Qa4+) 10. Qd2 Nc6 11. O-O-O Nxd4 12. Bxd4 Be6 (
12... Bxd4 {is insufficient in view of} 13. Qxd4 Ng7 14. f4 $16) 13. Nd5 Rc8
14. Kb1 b5 $2 ({After this move White obtains a large advantage. Better was} 
14... Bxd5 15. exd5 (15. Bxg7 $2 Bxa2+) 15... Bxd4 16. Qxd4 Qc7) 15. Bb6 $1 {
[%csl Rh5][%cal Gf1e2,Ge2h5]} ({If} 15. Be2 {then} Bxd4 16. Qxd4 Bxd5 17. exd5
(17. Qxd5 Nf4) 17... Ng7 {, with counterplay.}) 15... Qd7 16. Be2 Qb7 17. Be3
b4 18. Bxh5 gxh5 19. f4 $1 Bg4 (19... Bc3 20. Qe2 (20. Qd3 $5) 20... Bg4 21.
Rxg4 hxg4 22. Qxg4) (19... Bxd5 20. exd5 (20. Qxd5 $6 Qxd5 21. Rxd5 Rc4)) 20.
Rc1 Rc4 (20... Bc3 {fails to} 21. Qd3 {. The text move aims at preventing 21.
Bd4, after which Black's position is unbearable. Yet, White has a simple
refutation.}) 21. Qd3 Rfc8 (21... Rc6 22. Bd4 $18) 22. Nb6 Be6 23. f5 $1 ({
It is much stronger than capturing any rook, although} 23. Nxc8 Rxc8 24. Bd4
Bc4 25. Qe3 e5 26. fxe5 dxe5 27. Bc5 {should be sufficient for win.}) {
Everything else loses as well.} 23... Rc3 24. bxc3 Bxa2+ ({After} 24... Rxc3
25. fxe6 (25. Qd2 $4 Bxa2+ 26. Kxa2 Ra3+ 27. Kb1 Ra1#) 25... Rxd3 26. cxd3 {
Black is lost.}) 25. Kxa2 Rxc3 26. f6 $1 ({Certainly, not} 26. Qd5 $4 Ra3+ 27.
Kb1 Ra1#) 26... b3+ (26... Rxd3 27. cxd3 $18) 27. Kb2 Rxd3 28. cxd3 1-0

[Event "Mitropa Cup 19th"]
[Site "Baden"]
[Date "1999.04.02"]
[Round "2"]
[White "Sax, Gyula"]
[Black "Gallagher, Joseph G"]
[Result "0-1"]
[WhiteElo "2524"]
[BlackElo "2519"]
[Annotator "Atlas,V"]
[PlyCount "68"]
[EventDate "1999.04.01"]
[EventType "team-tourn"]
[EventRounds "9"]
[EventCountry "SUI"]
[SourceTitle "CBM 071"]
[Source "ChessBase"]
[SourceDate "1999.08.01"]
[SourceVersion "1"]
[SourceVersionDate "1999.08.01"]
[SourceQuality "1"]

1. e4 c5 2. Nf3 d6 3. d4 cxd4 4. Nxd4 Nf6 5. Nc3 a6 6. f3 e5 7. Nb3 Be6 8. Be3
Be7 9. Qd2 O-O 10. O-O-O b5 11. g4 b4 12. Nd5 (12. Na4 $5 {is known to be an
important alternative to the text. It was successfully applied in a number of
the high level games, in particular, Adams,M-Sadler,M/London 1988/TD, Svidler,
P-Hansen,C/Groningen 1995/CBM 51, and Kasparov,G-Ricardi,P/Buenos Aires 1997/
EXT 98}) 12... Bxd5 13. exd5 a5 14. Kb1 Qc7 (14... a4 15. Nc1 Qa5 (15... Ra5 {
- see Tiviakov,S-Ye Jiangchuan/Beijing 1997/CBM 61.}) 16. g5 (16. h4 $5 {
1-0 Socko,B-Kempinski,R/POL-ch 1996 (47)}) 16... Nfd7 (16... Nh5 17. Bh3 {
Tiviakov,S-Sahu,S/Calcutta 1993, 1-0 (45); Hellers,F-Pliester,L/Gausdal
International 1992 1/2-1/2 (31)}) 17. h4 Na6 {0-1 Kaminski,M-Gutman,L/Bad
Endbach 1995 (40)}) 15. g5 Nfd7 (15... Nh5 $5 {Gallagher,J-Gutman,L/Bad
Woerishofen op 1994}) 16. h4 (16. Qd3 $143 Rc8 17. Bh3 a4 18. Nd2 Na6 19. Ne4
b3 {0-1 Anka,E-Gallagher,J/Geneva 1996/CBM 51 ext (32)}) 16... Nb6 17. h5 {
This move mentioned by A.Isratescu in 69 Chess Informant and tried in the
recent game De la Riva,O-Gallagher,J/FRA 1998 does not seem to favour White in
this sharp position.} ({Solak,D-Istratescu,A (Bucuresti 1997) saw} 17. Nc5 a4
18. Bb5 Ra5 19. Qxb4 Rxb5 20. Qxb5 dxc5 21. d6 Bxd6 22. Rxd6 Qxd6 23. Bxc5 Qd5
24. Qxb6 Nd7 25. Qd6 Qxf3 26. Re1 Nxc5 27. Qxc5 {upon which move a draw was
agreed. Comments to this game can be found in 69 Chess Informant and in CBM 60.
}) 17... a4 ({A. Istratescu considered instead} 17... Nc4 18. Bxc4 Qxc4 19. g6
Nd7 20. h6 fxg6 21. hxg7 Rf7 {. The text move is arguably more precise.}) 18.
Nc1 Nc4 19. Bxc4 Qxc4 20. g6 {Likely a new continuation which was supposed to
improve upon White's play in the above-mentioned game De la Riva,O-Gallagher.}
(20. Rhg1 b3 21. cxb3 axb3 22. Nxb3 Nd7 23. Nc1 f5 24. gxf6 Bxf6 25. Rg4 Qa6
26. Rdg1 Rf7 27. Bg5 Bxg5 28. Rxg5 Nf6 29. a3 Rb8 30. Ka1 Qb7 {x d5} 31. Nd3 (
31. Rd1 Nxd5) 31... Qxd5 {and Black got an upper hand in De la Riva,
O-Gallagher,J/FRA 1998/CBM 64 ext 0-1 (45)}) 20... Nd7 21. gxh7+ Kh8 22. Rhg1
b3 {The critical position. Which capture is correct?} 23. axb3 $6 ({After} 23.
cxb3 axb3 24. Nxb3 {Black could have faced more difficulties than after the
move White actually played. Since a direct assault} Rxa2 $2 (24... Qa4 25. Nc1
Rfc8 (25... Bf6 $5) 26. Rg4 Rxc1+ $140 $6 27. Kxc1 Qxa2 28. Qc2) {falls short
to} 25. Kxa2 Ra8+ 26. Kb1 Qxb3 27. Qc3 Qa2+ 28. Kc2 {, Black should seek other
ways of organizing counterplay.}) 23... axb3 24. Nxb3 (24. cxb3 Qa6 $40 {
[%cal Gf8c8,Gc8c2,Ga6a1,Ga8a1]}) 24... Qa4 25. Qg2 ({Black was already
threatening to mate White's king:} 25. Z0 Qa2+ 26. Kc1 Qa1+ 27. Nxa1 Rxa1#)
25... Bf6 26. Bg5 $2 {After this move Black wins by force, however it is
already difficult to give White good counsel. Black's attack assumes a
concrete shape in the following possible variations:} (26. h6 g6 27. Bg5 Qa2+
28. Kc1 Rfc8 29. Rd3 Rab8 30. Bxf6+ Nxf6 31. Qg5 Nxd5 $1 32. Rxd5 Rxc2+ 33.
Kxc2 (33. Kd1 Qb1+ 34. Nc1 Kxh7 $1 35. Rg2 Rbc8 $19) 33... Qxb3+ 34. Kc1 Rc8+
35. Kd2 (35. Kb1 Qc2+) 35... Qxd5+ 36. Ke1 Qxf3 $19) (26. Qg4 e4 27. Bd4 (27.
fxe4 Qa2+ 28. Kc1 Qxb2+ 29. Kd2 Qc3+ 30. Ke2 Qxc2+ 31. Nd2 Ne5 $40) 27... e3 $1
) 26... Nc5 $1 27. Bxf6 (27. h6 Rfc8 $19) 27... Qa2+ 28. Kc1 Nxb3+ 29. cxb3
Rfc8+ 30. Kd2 Qa5+ $1 (30... Qxb2+ $2 {spoils Black's previous play:} 31. Ke1
Qc3+ $2 32. Kf1 $18) 31. Ke3 Qb6+ 32. Ke2 (32. Kd2 Qb4+ 33. Ke3 Qf4+ 34. Ke2
Rc2+ $19) 32... Rc2+ 33. Rd2 Rxd2+ 34. Kxd2 Qd4+ {[%mdl 192]} ({White gave up
in view of} 34... Qd4+ 35. Ke2 (35. Kc2 Rc8+ 36. Kb1 Qd3+ 37. Ka2 Ra8#) 35...
Qxb2+ 36. Kd3 Qd4+ 37. Ke2 Ra2+ 38. Kf1 Qa1#) 0-1

[Event "EU-chT (Men) 11th"]
[Site "Pula"]
[Date "1997.05.??"]
[Round "9.1"]
[White "Lanka, Zigurds"]
[Black "Ftacnik, Lubomir"]
[Result "0-1"]
[WhiteElo "2575"]
[BlackElo "2595"]
[Annotator "Atlas,V"]
[PlyCount "138"]
[EventDate "1997.05.05"]
[EventType "team-swiss"]
[EventRounds "9"]
[EventCountry "CRO"]
[SourceTitle "CBM 057 Extra"]
[Source "ChessBase"]
[SourceDate "1997.05.01"]
[SourceVersion "1"]
[SourceVersionDate "1997.05.01"]
[SourceQuality "1"]
[WhiteTeam "Latvia"]
[BlackTeam "Slovakia"]
[WhiteTeamCountry "LAT"]
[BlackTeamCountry "SVK"]

1. e4 c5 2. Nf3 d6 3. d4 cxd4 4. Nxd4 Nf6 5. Nc3 a6 6. Be3 Ng4 7. Bg5 h6 8. Bh4
g5 9. Be2 Bg7 10. Bg3 h5 11. Bxg4 Bxg4 12. f3 Bd7 13. Bf2 Nc6 14. O-O ({
This plan seems to yield White more possibilities than} 14. Nd5 Rb8 15. O-O e6
16. Nxc6 bxc6 17. Ne3 d5 18. Rb1 O-O 19. c4 d4 20. Nc2 e5 21. Ne1 f5 22. Nd3 g4
23. Nc5 gxf3 24. Qxf3 fxe4 25. Qxh5 Qe8 $17 {Smirin,I-Kasparov,G/Erevan olm
1996.}) 14... Ne5 15. Nde2 Rc8 16. Nd5 Be6 (16... e6 $4 {loses a queen after}
17. Bb6) 17. Bd4 (17. Bb6 {also deserved attention:} Qd7 18. Bd4 {/\Nb6} Bxd5
19. exd5) 17... Bxd5 {After this exchange White gains a control over the light
squares. 17...h4 deserved here a serious attention.} 18. exd5 Qa5 19. f4 gxf4
20. Nxf4 Qa4 {Threatening 21...Qd4+ 22.Qd4 Nf3+} 21. c3 Qxd1 22. Raxd1 Rh7 {
A clumsy set-up, but otherwise by 23.Nd3 White forces a better ending.} 23.
Bxe5 $5 {A radical decision. White could also try 23.Rde1, 23.Nd3, or 23.Nh3.}
Bxe5 24. Nd3 Bh8 25. Rf4 {White has a durable advantage in the endgame. He
exerts a pressure upon the weak pawns on the kingside, whereas black rooks are
discoordinated and his bishop is passive.} Kd7 26. Rdf1 Bf6 27. Rb4 Kc7 (27...
b5 {is met by} 28. a4) 28. Rc4+ {Exchanging a pair of rooks, White gets
additional possibilities for activizing his king.} Kb8 29. Rxc8+ Kxc8 30. Rf5 {
[%cal Gf5h5,Gg1f2,Gf2f3,Gf3e4]} Kd7 31. Kf2 h4 32. Kf3 (32. a4 {deserved here
a serious attention.}) 32... b5 33. a3 a5 34. Nf2 Be5 35. Ng4 Bh8 36. h3 b4 {
Otherwise black pieces cannot leave the cage at the corner of the board.} 37.
axb4 axb4 38. cxb4 Bxb2 39. Rf4 Rh5 40. Ke4 f6 41. Rf5 Rh8 42. Rf2 $6 {[%csl
Re6,Rf5]} ({An unfounded tactical operation. Much stronger was} 42. Rf3 {
, aiming at Rb3, and if} Rh5 (42... Rc8 43. Rb3 Be5 44. Ne3) {, then} 43. b5)
42... Bc3 43. Rc2 $6 ({It was still not too late to opt for} 43. b5 {. White
probably underestimated Black's response on move 44.}) 43... Bxb4 44. Rb2 Rh5
$1 ({A key defensive move. The pawn sacrifice is fully justified after} 44...
Ba5 {(suicidal is 44...Ba5?? 45.Rb7+, and White wins)} 45. Rb7+ Bc7 46. Ne3)
45. Rf2 $2 ({A mistake.} 45. Rxb4 f5+ 46. Kf4 fxg4 47. Kxg4 Rxd5 48. Kxh4 {
led to a complex ending with about equal chances for both sides.}) 45... Bc3
46. Rf5 Rh8 47. Rf3 Bd2 48. Rd3 Bg5 49. Kf5 Ra8 50. Nf2 Ra4 51. Ne4 Bc1 52. Rc3
Bh6 53. Rb3 ({After} 53. Rd3 {Black sets his king at f7, bishop at e5 and
starts attacking the weak pawns g2 and d5.}) 53... Rd4 54. Rb5 Ke8 55. g4 ({
A passive tactic is also inefficient:} 55. Ra5 Kf7 56. Rb5 Bd2 {, and White is
in Zugzwang.}) 55... hxg3 56. Nxg3 Kf7 57. Ne4 Rd3 58. Nxd6+ {The text move
does not yield White any hope.} (58. h4 {loses immediately:} Rf3+ 59. Kg4 Rf4+
60. Kh5 Rxe4 61. Kxh6 Rxh4#) ({After} 58. Kg4 Kg6 {Black is also winning.})
58... exd6 59. Rb7+ Kg8 60. Kg6 Bf8 61. Rb5 Rxh3 62. Kxf6 Rh6+ 63. Kg5 Rh7 64.
Kf6 Re7 65. Ra5 Rf7+ 66. Kg6 Be7 67. Ra7 Rf6+ 68. Kg5 Kf7 69. Ra5 Rf1+ 0-1

[Event "Linares Anibal op 04th"]
[Site "Linares"]
[Date "1997.??.??"]
[Round "9"]
[White "Korneev, Oleg"]
[Black "Wojtkiewicz, Aleksander"]
[Result "0-1"]
[WhiteElo "2590"]
[BlackElo "2565"]
[Annotator "Atlas,V"]
[PlyCount "59"]
[EventDate "1997.02.??"]
[EventType "swiss"]
[EventRounds "10"]
[EventCountry "ESP"]
[SourceTitle "CBM 058"]
[Source "ChessBase"]
[SourceDate "1997.06.01"]
[SourceVersion "1"]
[SourceVersionDate "1997.06.01"]
[SourceQuality "1"]

1. e4 c5 2. Nf3 d6 3. d4 Nf6 4. Nc3 cxd4 5. Nxd4 a6 6. Be3 Ng4 {The popularity
of this sharp variation grows proportionally to Kasparov's victories, which
are getting usual in the last time, when he plays this line with Black.} 7. Bc1
Nf6 8. Be3 Ng4 9. Bg5 h6 10. Bh4 g5 11. Bg3 Bg7 12. Be2 h5 13. Bxg4 {This move
is nowadays the most popular line for White. A main alternative is 15.h4. An
interesting recent game is analyzed in CBM 56: 15.h4 Nc6 16.Nb3 gxh4 17.Rxh4
Be6 18.Qd2 Rc8 19.f3 Nge5 20.Bf2 Na5 21.Nxa5 Qxa5 21.Bd4 +/- Tiviakov,S -
Rashkovsky,N, RUS-ch Elista (10), 1996.  Another possibility is 13.h3. This
line, however, brings not very successful results for White: 13.h3 h4 14.Bxg4
hxg3 15.Bxc8 (an incredible lapsus manus had happened in the recent game Gudat,
A - Mas,H, Budapest FS04 IM (6), 1997: 15.fxg3?? Bxg4-+ 16.Qxg4 Bxd4 17.Qxg5
e6 18.Qd2 Qf6 19.0–0–0 Nc6 20.Rdf1 Qh6 21.Rf4 Be5 0–1)gxf2+ 16.Kxf2 Qxc8 17.
Nf5 Qc5+ 18.Ke2 Bxc3 19.bxc3 Nc6 20.Rb1 b5 21.Qd2 Rg8 22.a4 bxa4 23.Rb7 Rd8 24.
Qd3 e6 25.Nd4 Rc8 26.Rf1 Nd8 27.Rb4 Qxc3 28.Rxa4 g4 29.h4 g3-/+ Varavin,V -
Fokin,S, RUS-Cup5 Ekaterinburg (7), 1997.} Bxg4 14. f3 Bd7 15. Bf2 Nc6 16. Nd5
Rb8 17. O-O e6 18. Nxc6 bxc6 19. Ne3 d5 20. Rb1 Rxb2 $5 $146 ({In his game
against Smirin, Armenia ol 1996, Kasparov chose} 20... O-O 21. c4 d4 22. Nc2 e5
23. Ne1 f5 24. Nd3 g4 $1 25. Nc5 gxf3 26. Qxf3 fxe4 27. Qxh5 Qe8 $1 {, with a
large advantage. The text move is also mentioned by Kasparov in his
annotations. He regards this continuation as dubious and gives the following
line:}) (20... Rxb2 $6 21. Rxb2 Bxb2 22. Qd3 $13) 21. Rxb2 Bxb2 22. c4 $5 {
A deviation from Kasparov's analysis.} d4 (22... dxe4 23. fxe4 {yields White a
compensation for a pawn. After the text Black faces some problems caused by an
unfortunate position of his dark-squared bishop.}) 23. Nc2 e5 ({Or} 23... c5
24. Ne1 Bc3 25. Nd3 {, with counterplay.}) 24. Nb4 Bc3 25. Nd3 ({Why not} 25.
Nxa6 {?} {However, Black has the opportunity to get a better endgame:} Qb6 ({
Now} 25... Qa5 {is met by} 26. Qb3 O-O (26... Qxa6 $4 27. Qb8+ Qc8 28. Qxe5+
$18) 27. Nc5 Qxc5 28. Qxc3) 26. Qb3 Qxb3 27. axb3 Ke7 {, with a clear
advantage.}) 25... Qa5 26. h4 {Assuming a counterattck on the kingside.} Rg8 (
26... f6 $6 {is not the best choice:} 27. hxg5 fxg5 28. Bg3 {, seizing the
initiative.}) 27. Qb3 $1 Qd8 28. hxg5 (28. Nxe5 {led to very intersting
double-edged clash, where chances are about equal:} gxh4 29. Nxd7 ({Black can
try an exchange sacrifice} 29. c5 Rxg2+ 30. Kxg2 Qg5+ 31. Kh1 Qxe5 $44) 29...
Kxd7 30. Rd1 $1 ({Now} 30. Qb7+ {fails to} Qc7 {, and the endgame must be
winning for Black.}) 30... Qg5 31. Qb7+ Kd6 32. e5+ Qxe5 ({After suicidal} 
32... Kc5 $4 {White develops a mate attack} 33. Qa7+ Kxc4 34. Rxd4+ Bxd4 35.
Qxd4+ Kb5 36. a4+ Ka5 37. Be1+ $18) 33. Bxh4 Rxg2+ $5 (33... Qe2 $2 {loses in
view of} 34. c5+ Kxc5 35. Be7+ Kd5 36. Qd7+ Ke5 37. Qd6+ Kf5 38. Qf6#) 34. Kxg2
Qe2+ 35. Kh3 Qe6+ (35... Qxd1 $4 36. Qe7#) 36. Kg2 Qe2+ 37. Kh3 Qe6+ 38. Kg3
Be1+ 39. Rxe1 Qxe1+ 40. Kh3 Qh1+ {, with a draw by perpetual.}) 28... Rxg5 $2 {
A mistake, which could be in an obvious way used by White. I assume the the
rest of the game went was played in the mutual time trouble.} 29. Qa4 $2 ({
White's first unexplainable move. Why not} 29. Bh4 {pinning the rook?} {Now}
Rxg2+ {fails to} 30. Kxg2 Qxh4 31. Qb8+) 29... Rg6 30. f4 $2 ({Another enigma.
Instead of the evident} 30. Nxe5 {, yielding White a good play, he chooses a
strange move, allowing Black to keep an advantage after 31...ef4 32.Nf4 Rg4.
It seems that White lost by time at this moment.}) 0-1